Movies Quiz

Random Movies or War Quiz

Clone Wars battles Quiz Stats

 Plays Quiz not verified by Sporcle

Also try: Movies by Synonyms
Challenge
Share
Tweet
Score 0/13 Timer 10:00
0 Plays Today
% Correct
Battle of Geonosis
94.6%
Battle of Ryloth
87.8%
Battle of Christophsis
77%
Battle of Kamino
71.6%
Battle of Mygeeto
64.9%
Battle of Dathomir
62.2%
Battle of Mon Cala
58.1%
Battle of Utapau
58.1%
Battle of Umbara
56.8%
Second Battle of Geonosis
54.1%
Battle of Malastare
45.9%
Battle of Maridun
33.8%
Second Battle of Florrum
8.1%

You're not logged in!

Compare scores with friends on all Sporcle quizzes.
OR
Log In

You Might Also Like...

Show Comments

Extras

Created May 29, 2016ReportNominate
Tags:War Quiz, battle, clone, Clone Wars

Top Quizzes Today


Score Distribution

Your Account Isn't Verified!

In order to create a playlist on Sporcle, you need to verify the email address you used during registration. Go to your Sporcle Settings to finish the process.

Report this User

Report this user for behavior that violates our Community Guidelines.

Details: